Накопители электроэнергии для энергетики и транспорта: учебное пособие

Bibliografiske detaljer
Hovedforfatter: Шульга Р. Н. Роберт Николаевич
Summary:Систематизированы сведения по получению, выработке, хранению водорода и сопоставлению ТЭ и АБ. Рассматриваются проблемы распределенном электрогенерации. Описана реализация распределенных энергосетей типа МСПТ с использованием АСММ, статических преобразователей и НЭЭ. Рассмотрены вопросы моделирования, расчета и создания цифровых двойников ЦД для описания объектов электроэнергетики на всех этапах жизненного цикла ЖЦ. Приводится систематизация моделей с учетом недостаточной полноты исходных данных. Для студентов и специалистов по направлению подготовки 13.03.02 "Электроэнергетика и электротехника" при изучении курса "Специальные вопросы электрической части электроустановок".
Sprog:russisk
Udgivet: Москва, Инфра-Инженерия, 2026
Fag:
Format: MixedMaterials Bog
KOHA link:https://koha.lib.tpu.ru/cgi-bin/koha/opac-detail.pl?biblionumber=682584

MARC

LEADER 00000nam0a2200000 4500
001 682584
005 20251117143502.0
010 |a 978-5-9729-2760-9 
090 |a 682584 
100 |a 20251024d2026 m||y0rusy50 ca 
101 0 |a rus 
102 |a RU 
105 |a a j 001yy 
181 0 |a i   |b  e  
182 0 |a n 
183 0 |a nc  |2 RDAcarrier 
200 1 |a Накопители электроэнергии для энергетики и транспорта  |e учебное пособие  |f Р. Н. Шульга 
203 |a Текст  |b визуальный  |c непосредственный 
210 |a Москва  |a Вологда  |c Инфра-Инженерия  |d 2026 
215 |a 139 с.  |c ил., табл. 
283 |a volume  |2 RDAcarrier 
320 |a Литература в конце глав 
330 |a Систематизированы сведения по получению, выработке, хранению водорода и сопоставлению ТЭ и АБ. Рассматриваются проблемы распределенном электрогенерации. Описана реализация распределенных энергосетей типа МСПТ с использованием АСММ, статических преобразователей и НЭЭ. Рассмотрены вопросы моделирования, расчета и создания цифровых двойников ЦД для описания объектов электроэнергетики на всех этапах жизненного цикла ЖЦ. Приводится систематизация моделей с учетом недостаточной полноты исходных данных. Для студентов и специалистов по направлению подготовки 13.03.02 "Электроэнергетика и электротехника" при изучении курса "Специальные вопросы электрической части электроустановок". 
606 |a Накопление электроэнергии  |j техническая электрохимия  |9 89001 
606 |a Энергетика водородная  |9 83688 
610 1 |a распределенная генерация 
610 1 |a водород 
610 1 |a получение 
610 1 |a электричество 
610 1 |a выработка 
610 1 |a Арктика 
610 1 |a энергообеспечение 
610 1 |a возобновляемые источники энергии 
610 1 |a водородные топливные элементы 
610 1 |a водородная электроэнергетика  
610 1 |a автономное электроснабжение 
610 1 |a агропромышленные комплексы 
610 1 |a минисети постоянного тока 
610 1 |a атомные станции малой мощности 
610 1 |a распределенная генерация 
610 1 |a накопители 
610 1 |a 3-D модели 
610 1 |a цифровые двойники 
610 1 |a учебные пособия 
675 |a 621.355  |v 4 
675 |a 620.92  |v 4 
700 1 |a Шульга  |b Р. Н.   |g Роберт Николаевич 
801 0 |c 20251024  |a RU  |b 63413507 
942 |c BK